1777 1861 1534 1348 1094 1764 1780 1495 1384 1945 1925 1418 1606 1406 1347 1563 1615 1739 1909 1010 1538 1783 1835 1385 1774 1424 1935 1941 1265 1679 1505 1737 1666 1269 1562 1579 1054 1417 1639 1108 1132 1110 1374 1607 1398 1251 1529 1022 1463 1771 1572 1124 1710 1516 1343 1762 1156 1542 1923 1169 1436 1223 1409 1159 1539 1897 1279 1738 1562 1338 1877 1379 1972 1563 1070 1215 1153 1471 1685 1434 1561 1334 1351 1830 1325 1818 1267 1235 1118 1132 1531 1697 1786 1246 1800 1694 1010 1201 1100 BCNSPRNW ULIB Ver.6.0+V

เปลี่ยนเป็นภาษาไทย

Change to English
 แสดงรายละเอียดบรรณานุกรม
  กลับหน้าหลัก

Brief Record : Get Marc (ISO 2709) : E-mail record : QR code < ปิดหน้าต่าง
LEADER : 00000nam 2200000uu 4500
001    13399109071
003     ULIB
008    110321s2552||||th 000 0 tha d
020    9789744141217
041 1  tha^heng
050  4 BF408^bบ871ต 2552
100 1  เบิร์นส์, เกรเกอรี
245 10 ต้นแบบนักคิดนวัตกรรม =^bIconoclast :สุดยอดวิธีคิดเพื่อพัฒนาเศรษฐกิจสร้างสรรค์และนวัตกรรม /^cGregory Berns ; ผู้แปล : ณัฐยา สินตระการผล
246 31 Iconoclast
250    พิมพ์ครั้งที่ 1
260    กรุงเทพฯ :^bเอ็กซเปอร์เน็ท,^c2552
300    342 หน้า ;^c24 ซม.
650  7 การสร้างสรรค์
650  7 ความคิดสร้างสรรค์
650  7 ความคิดและการคิด
650  7 นวัตกรรม
700 1  Berns, Gregory
700 0  ณัฐยา สินตระการผล,^eผู้แปล
945    ^p310^l0^i029858
945    ^p310^l0^i029857
995    ทศพร
999 ^a ใช้งานได้ทุกระบบ
รายการนี้ยังไม่มีแท็ก
คุณยังไม่ได้ล็อกอิน คุณสามารถมีกิจกรรมร่วมกับเว็บไซต์ได้ แต่ต้องล็อกอินก่อน ::
  ล็อกอิน

รายการสื่อสารสนเทศ

ลำดับที่ ประเภท เลขเรียก/บาร์โค้ด สถานที่ สถานะ
- ไม่พบข้อมูล -

รายการใกล้เคียง
    ผู้แต่ง [เบิร์นส์, เกรเกอรี]

    หัวเรื่อง [การสร้างสรรค์]
    หัวเรื่อง [ความคิดสร้างสรรค์]
    หัวเรื่อง [ความคิดและการคิด]
    หัวเรื่อง [นวัตกรรม]

BibComment


ยังไม่เคยถูกคอมเมนท์

คอมเมนท์ทรัพยากรรายการนี้
  คอมเมนท์: ต้นแบบนักคิดนวัตก..


 Copyright 2026. Bcnsprnw @Library